| 000 | 00618nam a22002057a 4500 | ||
|---|---|---|---|
| 003 | OSt | ||
| 005 | 20260424111649.0 | ||
| 008 | 260424b |||||||| |||| 00| 0 eng d | ||
| 020 | _a9781032016559 | ||
| 020 | _a9781003456070 | ||
| 040 |
_aMMARA-U _beng _cMMARA-U _dMMARA-U |
||
| 050 | _aK 3778 .A965 2024 | ||
| 100 |
_aAndron Sabina _93152 |
||
| 245 |
_aUrban Surfaces, Graffiti, and the Right to the City / _cSabina Andron. |
||
| 260 |
_aNew York : _bRoutledge, _c2024. |
||
| 300 |
_aviii, 203 pages : _bIllustrations ; |
||
| 504 | _aIncludes Index. | ||
| 650 |
_aCultural Heritage. _93153 |
||
| 942 |
_2lcc _cLOAN LOAN |
||
| 999 |
_c33519 _d33516 |
||